What is a contract in writing for the purposes of the Construction Act? (Record no. 74084)

MARC details
000 -LEADER
fixed length control field 01278cab a2200205 4500
001 - CONTROL NUMBER
control field ABS67424
008 - FIXED-LENGTH DATA ELEMENTS--GENERAL INFORMATION
fixed length control field 040128n2003 000 0 eng u
035 ## - SYSTEM CONTROL NUMBER
System control number (Sirsi) u124942
100 ## - MAIN ENTRY--PERSONAL NAME
Personal name Rich, M.
245 ## - TITLE STATEMENT
Title What is a contract in writing for the purposes of the Construction Act?
260 ## - PUBLICATION, DISTRIBUTION, ETC.
Date of publication, distribution, etc. 2003
490 ## - SERIES STATEMENT
Series statement New Steel Construction
Volume/sequential designation 11(6) November/December 2003, 12(1)
520 ## - SUMMARY, ETC.
Summary, etc. Discusses what a contract in writing means for the purposes of the Housing Grants, Construction and Regeneration Act s107. Reports it can include, as agreements in writing, unsigned written agreements, agreements made by exchange of written communications, agreements evidenced in writing, recorded with the authority of the parties and agreements referring to written terms. Concludes that if not all of the terms of a contract are evidenced in writing in some way, then it may not be covered by the provisions of the Act, especially adjudication.
590 ## - LOCAL NOTE (RLIN)
Local note ABS
650 ## - SUBJECT ADDED ENTRY--TOPICAL TERM
Topical term or geographic name entry element MANAGEMENT-DISPUTE AVOIDANCE, MANAGEMENT AND RESOLUTION-DISPUTE MANAGEMENT AND RESOLUTION-ALTERNATIVE DISPUTE RESOLUTION-ADJUDICATION
650 ## - SUBJECT ADDED ENTRY--TOPICAL TERM
Topical term or geographic name entry element HOUSING GRANTS, CONSTRUCTION AND REGENERATION ACT 1996 S107
650 ## - SUBJECT ADDED ENTRY--TOPICAL TERM
Topical term or geographic name entry element CONTRACTS IN WRITING
690 ## - LOCAL SUBJECT ADDED ENTRY--TOPICAL TERM (OCLC, RLIN)
Topical term or geographic name as entry element Dispute resolution
9 (RLIN) 6236
942 ## - ADDED ENTRY ELEMENTS (KOHA)
Suppress in OPAC 0
Holdings
Withdrawn status Lost status Source of classification or shelving scheme Damaged status Not for loan Home library Current library Shelving location Date acquired Total Checkouts Full call number Barcode Date last seen Copy number Price effective from Koha item type
    Dewey Decimal Classification     London London Journal article 28/01/2004   ABS67424 124942-1001 06/08/2019 1 06/08/2019 Journal article